Rapidité, les 27 pays de l'UE - Statistiques

Statistiques générales
  • Ce quiz a été pris 784 fois
  • Le résultat moyen est 18 sur 27
Statistiques - réponses
Pays % Correct
France
99%
Espagne
95%
Allemagne
93%
Portugal
90%
Belgique
86%
Italie
83%
Suède
79%
Autriche
74%
Pologne
72%
Finlande
71%
Pays-Bas
70%
Croatie
68%
Estonie
66%
Grèce
66%
Hongrie
66%
Danemark
64%
Irlande
64%
Lituanie
64%
Lettonie
63%
Luxembourg
63%
Roumanie
59%
Slovénie
58%
Slovaquie
57%
Bulgarie
52%
République Tchèque
51%
Malte
44%
Chypre
32%
Aucun quiz correspondant
Distribution des résultats
% des personnes avec chaque résultat
Percentile par nombre de réponses
Votre historique - résultats
Vous n’avez pas pris ce quiz